[Event "Floripa Chess Open 2024"]
[Site "Florianopolis"]
[Date "2024.01.23"]
[Round "5.65"]
[White "Zacarias, Rodrigo Medeiros"]
[Black "Cardoso, Maria Paula Da Silv"]
[Result "1-0"]
[WhiteElo "2058"]
[BlackElo "1780"]
[PlyCount "79"]
[EventDate "2024.01.20"]
[EventRounds "10"]
[EventCountry "BRA"]

1. e4 c5 2. Nf3 d6 3. d4 cxd4 4. Nxd4 Nf6 5. Nc3 a6 6. Bc4 e6 7. Bb3 Be7 8. O-O
Qc7 9. Qf3 Nc6 10. Be3 ({RR} 10. Nxc6 bxc6 11. Qg3 O-O 12. Kh1 a5 13. Bh6 Ne8
14. f4 Kh8 15. Bg5 f6 16. Bh4 d5 17. exd5 exd5 18. Rae1 Bc5 19. a4 Nd6 20. Qf3
Ba6 21. Bf2 Bxf2 22. Rxf2 Rae8 23. Rd1 Qb6 24. Rfd2 Nf5 {Karacsonyi,G (2375)
-Popov,K (2345) chess.com INT 2023 0-1 (34)}) 10... Nxd4 ({RR} 10... O-O 11.
Qg3 b5 12. Nxc6 Qxc6 13. Bh6 Nh5 14. Qg4 b4 15. Ne2 Bf6 16. c3 Bb7 17. Rae1 Kh8
18. Nd4 Qc8 19. Be3 g6 20. cxb4 e5 21. Nf5 gxf5 22. Qxh5 Bxe4 23. f3 Bd3 24.
Bh6 Rg8 25. Rf2 {Grandelius,N (2603)-Nigalidze,G (2566) Dubai 2015 1-0}) 11.
Bxd4 b5 $146 ({RR} 11... O-O 12. Rfe1 e5 13. Be3 Be6 14. Nd5 Nxd5 15. exd5 Bd7
16. a4 f5 17. Bd2 f4 18. Bc3 Bf5 19. Rxe5 Kh8 20. Re2 Qd7 21. Rae1 Bg5 22. h3
Bg6 23. Qg4 Qxg4 24. hxg4 Rae8 25. Re6 f3 26. gxf3 {Chambi,A-Elguera,P Cuzco
1999 1-0 (32)}) 12. a4 b4 13. Ne2 Bb7 14. Ng3 h5 15. h4 a5 16. c3 d5 17. e5 Ng4
18. Nxh5 Rxh5 19. Qxg4 Rxh4 20. Qxg7 Kd7 21. g3 Rh5 22. Kg2 Rf8 23. Rh1 Rg5 24.
Qh7 bxc3 25. bxc3 Bc5 26. Qd3 Be7 27. Rab1 Bc6 28. Qe3 Rfg8 29. Rh7 R5g7 30.
Rxg7 Rxg7 31. Bc2 Qd8 32. Qe2 Qa8 33. Rb6 Bd8 34. Ra6 Qb8 35. Ra7+ Bc7 36. Qa6
Rg8 37. Qxa5 Rc8 38. Qc5 Bb7 39. Bd3 Bxe5 40. Bb5+ 1-0

[Event "Floripa Chess Open 2024"]
[Site "Florianopolis"]
[Date "2024.01.23"]
[Round "5.67"]
[White "Mariani, Daniel Brandao"]
[Black "Silverio, Vitor Luis De Jesus"]
[Result "0-1"]
[WhiteElo "2040"]
[BlackElo "1773"]
[PlyCount "100"]
[EventDate "2024.01.20"]
[EventRounds "10"]
[EventCountry "BRA"]

1. e4 c5 2. Nf3 d6 3. d4 cxd4 4. Qxd4 Nc6 5. Bb5 Bd7 6. Bxc6 Bxc6 7. Nc3 Nf6 8.
Bg5 e6 9. O-O-O Be7 10. Kb1 O-O 11. Rhe1 Qa5 12. Qd2 Qb6 13. Nd4 Rfc8 ({RR} 
13... Rfd8 14. f3 Rac8 15. g4 Be8 16. Nce2 Qa6 17. Ng3 Rc5 18. h4 Rdc8 19. Rc1
Ra5 20. a3 d5 21. Nb3 Rb5 22. e5 Bxa3 23. Bxf6 Bf8 24. Bxg7 Bxg7 25. Nh5 Bh8
26. Nf6+ Kf8 27. Qh6+ Ke7 28. Qxh7 {Zhigalko,S (2572)-Mamedov,R (2640) chess.
com INT 2023 1-0 (80)}) ({RR} 13... Rac8 14. f3 Rfd8 15. g4 a5 16. Nce2 a4 17.
Ng3 a3 18. b3 Qc7 19. Nh5 Ne8 20. Bxe7 Qxe7 21. g5 g6 22. Ng3 e5 23. Nxc6 bxc6
24. f4 exf4 25. Qxf4 Nc7 26. Rd2 Nd5 27. Qf2 Nc3+ 28. Ka1 {Casalaspro,M (2121)
-Vazquez,F (2381) Florianopolis BRA 2024 0-1 (38)}) 14. f4 h6 15. Bh4 $146 ({RR
} 15. Bxf6 Bxf6 16. g4 Qc5 17. e5 dxe5 18. Nxc6 Qxc6 19. fxe5 Bh4 20. Rf1 Rd8
21. Qf4 Rxd1+ 22. Rxd1 Rd8 23. Rxd8+ Bxd8 24. a4 Bc7 25. Qd4 Qb6 26. Qe4 Qc6
27. Qd4 {1/2-1/2 (27) Dragojlovic,A (2383)-Aranovitch,E (2278) Robecchetto 2006
}) 15... Nxe4 16. Nxe4 Bxh4 17. g3 Bxe4 18. Rxe4 Bf6 19. Nb3 d5 20. Re2 a5 21.
g4 a4 22. Nd4 Rc4 23. c3 Rac8 24. g5 hxg5 25. fxg5 Bxd4 26. cxd4 Qc6 27. g6
fxg6 28. Qe1 Rc2 29. a3 Qc4 30. Rxc2 Qxc2+ 31. Ka1 Rc6 32. Qg1 b5 33. Rf1 b4
34. Qg5 Rc8 35. Qe3 e5 36. axb4 a3 37. Qxa3 exd4 38. Rf3 Qxh2 39. Ka2 Qh1 40.
b5 Qc1 41. Qa6 Qc4+ 42. Ka1 Re8 43. Qa5 d3 44. b6 Qc6 45. Qd2 Qxb6 46. Rxd3
Ra8+ 47. Ra3 Rd8 48. Qd3 Qf6 49. Ra6 Qf5 50. Qg3 Qf1+ 0-1

[Event "Floripa Chess Open 2024"]
[Site "Florianopolis"]
[Date "2024.01.23"]
[Round "5.69"]
[White "Felix, Raimundo Nascimento"]
[Black "Kayser, Gustavo Warmling"]
[Result "0-1"]
[WhiteElo "1749"]
[BlackElo "2029"]
[PlyCount "60"]
[EventDate "2024.01.20"]
[EventRounds "10"]
[EventCountry "BRA"]

1. e4 c5 2. Nf3 Nc6 3. Nc3 Nf6 4. Bb5 d6 5. O-O g6 ({RR} 5... e5 6. h3 Be7 7.
d3 O-O 8. Bxc6 bxc6 9. Qe2 Ne8 10. Nh2 Rb8 11. Rb1 Nc7 12. f4 exf4 13. Bxf4 Ne6
14. Be3 Nd4 15. Qd2 f5 16. b3 Bf6 17. exf5 Bxf5 18. Ne2 Nxe2+ 19. Qxe2 Qd7 20.
Qd2 {Xie,J (2568)-Kovalevskaya,E (2475) New Delhi 2000 1/2-1/2 (54)}) ({RR} 
5... e5 6. d3 a6 7. Bc4 b5 8. Bb3 Na5 9. Bg5 Nxb3 10. axb3 Bb7 11. Nd5 Be7 12.
Nxe7 Qxe7 13. Nh4 Bc8 14. f4 h6 15. fxe5 hxg5 16. exf6 gxf6 17. Nf5 Qe5 18. h3
Bxf5 19. exf5 Kf8 20. Qf3 {Degenbaev,A (2196)-Horvath,D (2521) chess.com INT
2023 1-0 (55)}) 6. e5 Nh5 $146 ({RR} 6... dxe5 7. Nxe5 Bd7 8. Re1 Bg7 9. Bc4
Nxe5 10. Rxe5 Ng4 11. Re2 O-O 12. Qe1 e6 13. d3 Qa5 14. Bd2 a6 15. Ne4 Qc7 16.
Ng5 Qxh2+ 17. Kf1 Qh1# {0-1 (17) Mulsow,N-Mueller,A Germany 2002}) ({RR} 6...
dxe5 7. Nxe5 Bd7 8. Bxc6 Bxc6 9. Nxc6 bxc6 10. d3 Bg7 11. Ne4 Nxe4 12. dxe4 O-O
13. c3 Rb8 14. Qc2 Qb6 15. Rb1 Qa5 16. Ra1 Rfd8 17. Be3 c4 18. a3 Rd3 19. Rad1
Rbd8 20. Rfe1 Qh5 21. Rxd3 {Bar Shalom,O (2080)-Vydeslaver,A Ramat Aviv 2004
0-1 (54)}) 7. d4 Bd7 8. exd6 cxd4 9. dxe7 Bxe7 10. Nxd4 O-O 11. Nxc6 bxc6 12.
Bc4 Bf6 13. Ne4 Bg7 14. Nc5 Qe7 15. Nxd7 Rfd8 16. Qf3 Qxd7 17. c3 h6 18. Be3
Qb7 19. Bb3 a5 20. Qe4 Kh7 21. Rab1 Nf6 22. Qh4 Nd5 23. Rfd1 Nxe3 24. Rxd8 Nf5
25. Qa4 Rxd8 26. Qxa5 Rd2 27. Qc5 h5 28. Qc4 Qa7 29. Qf4 Bh6 30. Qf3 Rxf2 0-1

[Event "Floripa Chess Open 2024"]
[Site "Florianopolis"]
[Date "2024.01.23"]
[Round "5.70"]
[White "Cordero, Daniela"]
[Black "Vitielo, Alecio Elias"]
[Result "1-0"]
[WhiteElo "2028"]
[BlackElo "1768"]
[PlyCount "59"]
[EventDate "2024.01.20"]
[EventRounds "10"]
[EventCountry "BRA"]

1. d4 d5 2. Nf3 Nf6 3. c4 e6 4. g3 c5 5. cxd5 exd5 6. Bg2 Nc6 7. O-O cxd4 8.
Nxd4 Bc5 9. Nb3 Be7 10. Nc3 Be6 11. Nb5 O-O 12. Bf4 ({RR} 12. N3d4 Nxd4 13.
Nxd4 Bc5 14. b3 Qb6 15. Bb2 Rae8 16. h3 Ne4 17. Rc1 Bd7 18. e3 Rd8 19. Qh5 Nf6
20. Qe2 Ne4 21. Rfd1 Be7 22. Qd3 Qh6 23. Bxe4 dxe4 24. Qxe4 Bd6 25. Nf5 Bxf5
26. Qxf5 Rfe8 {Burbitskii,I (1395)-Boika,A (1160) Minsk BLR 2023 1-0 (45)})
12... Rc8 13. Rc1 a6 14. N5d4 Bg4 $146 ({RR} 14... Nxd4 15. Nxd4 Qd7 16. Qb3 b5
17. Rcd1 Rfd8 18. Rd2 Bh3 19. Rfd1 Bxg2 20. Kxg2 Ne4 21. Rc2 Bf6 22. Rxc8 Rxc8
23. Nf3 Rd8 24. Ne1 Qf5 25. f3 Nc5 26. Qa3 Ne6 27. Nd3 g5 28. Be3 h5 29. Qxa6 {
Buxade Roca,G (2231)-Bollero Romera,A (2127) Barcelona 2014 1/2-1/2 (56)}) 15.
h3 Nxd4 16. Nxd4 Bd7 17. Qd3 Ne4 18. Rxc8 Bxc8 19. Rd1 Re8 20. Qb3 Bc5 21. Be3
Qe7 22. Rc1 Ba7 23. Nf5 Bxf5 24. Bxa7 Ng5 25. h4 Nh3+ 26. Kh2 Qd7 27. Rd1 b5
28. Qxd5 Qxa7 29. Qxf5 Nxf2 30. Rd7 1-0

[Event "Floripa Chess Open 2024"]
[Site "Florianopolis"]
[Date "2024.01.23"]
[Round "5.71"]
[White "Silva, Juliana Figueira Th"]
[Black "Torres, Federico"]
[Result "1/2-1/2"]
[WhiteElo "1747"]
[BlackElo "2002"]
[PlyCount "128"]
[EventDate "2024.01.20"]
[EventRounds "10"]
[EventCountry "BRA"]

1. d4 c5 ({RR} 1... Nf6 2. c4 c5 3. d5 g6 4. Nc3 Bg7 5. e4 d6 6. Nf3 O-O 7. Be2
Na6 8. O-O e5 9. Bg5 h6 10. Bd2 Ne8 11. Qc1 Kh7 12. a3 f5 13. exf5 Bxf5 14. g3
g5 15. Ne1 Nf6 16. Ng2 {Girya,O (2432)-Shomoev,A (2563) Barnaul RUS 2021 0-1  
(33)}) ({RR} 1... Nf6 2. c4 g6 3. Nc3 Bg7 4. e4 O-O 5. Be2 d6 6. Nf3 e5 7. d5
Na6 8. O-O c5 9. dxc6 bxc6 10. h3 Nc5 11. Qc2 a5 12. Rd1 Qe7 13. Be3 Nh5 14.
Bxc5 dxc5 15. Bf1 Nf4 16. Rd2 {Novikov,E (2276)-Fishbein,A (2377) chess.com
INT 2023 0-1 (53)}) 2. d5 e5 3. c4 Nf6 4. Nc3 g6 5. e4 Bg7 6. Nf3 O-O 7. Be2 d6
8. O-O Na6 9. a3 Rb8 $146 ({RR} 9... Bd7 10. Ne1 Nc7 11. b4 b6 12. Bg5 h6 13.
Be3 Kh7 14. Nd3 Nfe8 15. a4 f5 16. f3 Nf6 17. a5 Na6 18. axb6 axb6 19. bxc5
Nxc5 20. Qc2 fxe4 21. Nxc5 bxc5 22. Rxa8 Qxa8 23. Nxe4 Nxe4 24. fxe4 {Guddahl,
V (2220)-Mella,A Norway 1992 1/2-1/2 (45)}) ({RR} 9... Nc7 10. b4 Nfe8 11. bxc5
dxc5 12. Be3 b6 13. Nd2 Nd6 14. a4 a5 15. Rb1 Na6 16. Nb5 f5 17. Nxd6 Qxd6 18.
f4 Nb4 19. g3 Bd7 20. Bf3 Rad8 21. Qb3 Bh6 22. Bg2 Bg7 23. Rbe1 Qf6 24. Nf3 {
Matkowski,W-Witkowski,S Warsaw 1957 0-1 (40)}) 10. Bd2 Bd7 11. Rb1 Nc7 12. b4
cxb4 13. axb4 a5 14. bxa5 Na6 15. Rb6 Qc7 16. Qc2 Bg4 17. Nb5 Qe7 18. Bg5 Rfd8
19. Nc3 Nc5 20. Na4 Na6 21. Rfb1 Qc7 22. Qb3 Bd7 23. Nc3 Nc5 24. Qb4 Rdc8 25.
Bxf6 Bxf6 26. Nd2 Ra8 27. Nb3 Bd8 28. Nxc5 dxc5 29. Qb2 Rxa5 30. Rxb7 Qd6 31.
Rb8 Kg7 32. Rxc8 Bxc8 33. Qb8 Qa6 34. Qxe5+ Bf6 35. Qg3 Ra3 36. e5 Bd8 37. Rc1
Qa5 38. Qd3 Qb4 39. Qc2 Bg5 40. Ne4 Bxc1 41. Qxc1 Bf5 42. Ng3 h6 43. Nxf5+ gxf5
44. h3 Ra2 45. Bf3 Rd2 46. d6 Qb2 47. Qxb2 Rxb2 48. d7 Rb8 49. Bc6 f4 50. Kf1
Kg6 51. Be4+ Kg5 52. Bd5 Rd8 53. e6 fxe6 54. Bxe6 Kf6 55. Bg4 Ke5 56. h4 h5 57.
Bh3 Rb8 58. Ke2 Ke4 59. Be6 Rd8 60. Bd5+ Ke5 61. Bc6 Kd4 62. Bb5 Ke4 63. Bc6+
Kd4 64. Bb5 Ke4 1/2-1/2

[Event "Floripa Chess Open 2024"]
[Site "Florianopolis"]
[Date "2024.01.23"]
[Round "5.72"]
[White "Costa, Flavio Luis Cesar"]
[Black "Gomes, Maria Eduarda Papin"]
[Result "1-0"]
[WhiteElo "1994"]
[BlackElo "1744"]
[PlyCount "71"]
[EventDate "2024.01.20"]
[EventRounds "10"]
[EventCountry "BRA"]

1. e4 c5 2. Nf3 a6 3. Nc3 e6 4. d4 cxd4 5. Nxd4 Bb4 6. g3 ({RR} 6. Bd3 d5 7.
exd5 Qxd5 8. O-O Bxc3 9. bxc3 Nf6 10. Ba3 Nbd7 11. Re1 Nc5 12. Nf5 g6 13. Bb5+
axb5 14. Qxd5 Nxd5 15. Nd6+ Kd7 16. Bxc5 f6 17. c4 bxc4 18. Nxc4 b5 19. Nb6+
Nxb6 20. Bxb6 Bb7 {Kerek,K (2335)-Kustar,S (2405) Budapest 1998 1/2-1/2 (32)})
6... d5 7. exd5 $146 ({RR} 7. Bg2 dxe4 8. Bxe4 Nf6 9. Bg2 O-O 10. O-O Qc7 11.
Ne4 Nxe4 12. Bxe4 f5 13. Bg2 e5 14. c3 Bc5 15. Qb3+ Kh8 16. Ne2 Nc6 17. Be3
Bxe3 18. fxe3 Qe7 19. e4 Be6 20. Qc2 g6 21. c4 Qc5+ {Reyes Penas,S (1684)
-Bartolome Martin,A (1749) San Sebastian 2015 1/2-1/2 (83)}) ({RR} 7. Bg2 dxe4
8. Bxe4 Nf6 9. Bg2 Bxc3+ 10. bxc3 e5 11. Qe2 O-O 12. Nb3 Bg4 13. f3 Bf5 14. O-O
Re8 15. Be3 Qc7 16. Nc5 Nbd7 17. Nxd7 Bxd7 18. Rab1 Bb5 19. Rxb5 axb5 20. Qxb5
Qxc3 21. Bg5 Rxa2 {Flores Quillas,D (2321)-Martinez,S (1881) chess.com INT
2023 0-1}) 7... Qxd5 8. Nf3 Qxd1+ 9. Kxd1 Bd7 10. Ne5 Bc6 11. Nxc6 Nxc6 12. Be3
O-O-O+ 13. Kc1 Nge7 14. Bg2 Nf5 15. Bb6 Rd6 16. Ne4 Rd7 17. Nc5 Bxc5 18. Bxc5
Ncd4 19. c3 Nb5 20. a4 Nbd6 21. Rd1 Kc7 22. a5 h5 23. h4 Rc8 24. Kc2 Kb8 25.
Bb6 Re7 26. b3 Nb5 27. c4 e5 28. Kb2 Nbd4 29. Rd2 f6 30. Rad1 g5 31. hxg5 fxg5
32. Re1 Rce8 33. Bc5 Rd7 34. f4 gxf4 35. gxf4 Rc8 36. Rxe5 1-0

[Event "Floripa Chess Open 2024"]
[Site "Florianopolis"]
[Date "2024.01.23"]
[Round "5.73"]
[White "Dornelles, Marcio Neron Camarg"]
[Black "Franca Junior, Jairo"]
[Result "1-0"]
[WhiteElo "1983"]
[BlackElo "1753"]
[PlyCount "83"]
[EventDate "2024.01.20"]
[EventRounds "10"]
[EventCountry "BRA"]

1. d4 Nf6 2. c4 e6 3. Nf3 d5 4. Nc3 Bb4 5. cxd5 exd5 6. Bg5 O-O 7. Qc2 h6 ({RR
} 7... Bg4 8. Ne5 Bh5 9. e3 c5 10. Bd3 h6 11. Bxf6 Qxf6 12. O-O Bxc3 13. bxc3
Qd6 14. Bh7+ Kh8 15. Qf5 Qe6 16. Qxe6 fxe6 17. Bg6 Be2 18. Rfe1 Ba6 19. Bf7 Kh7
20. Bxe6 Nc6 21. Nd7 Rfe8 22. Nxc5 {Azmaiparashvili,Z (2626)-Socko,B (2631)
Beijing 2008 1-0}) 8. Bh4 c5 9. a3 $146 ({RR} 9. e3 Nc6 10. Bd3 cxd4 11. exd4
Re8+ 12. Be2 Bg4 13. Rd1 Bxf3 14. gxf3 Qe7 15. a3 Ba5 16. b4 Bb6 17. Bxf6 Qxf6
18. Nxd5 Qxf3 19. O-O Rxe2 {0-1 (19) Altman,J (1926)-Rosenberg,E (2125) chess.
com INT 2020}) ({RR} 9. dxc5 d4 10. O-O-O Nc6 11. Ne4 Bf5 12. Nxf6+ Qxf6 13.
Bxf6 Bxc2 14. Kxc2 gxf6 15. Nxd4 Nxd4+ 16. Rxd4 Bxc5 17. Rg4+ Kh8 18. e3 Rac8
19. Kb1 Rfd8 20. Bc4 Rd2 21. Rf4 Bd6 22. Rh4 Be5 23. f4 Rxc4 {Weetik,V (2423)
-Kvaloy,A (2233) chess.com INT 2023 0-1}) ({RR} 9. e3 g5 10. Bg3 Ne4 11. dxc5
Nd7 12. Be2 Bxc3+ 13. bxc3 Ndxc5 14. Nd4 Bd7 15. O-O Rc8 16. Rab1 b6 17. Rfc1
Qf6 18. Bf3 Rfe8 19. Rb4 Qg6 20. Qd1 Nxg3 21. hxg3 Nd3 22. Bxd5 Nxc1 23. Qxc1
Qd6 {Van Wely,L (2612)-Bellahcene,B (2512) Dubai UAE 2021 0-1}) 9... Bxc3+ 10.
Qxc3 g5 11. Bg3 Ne4 12. Qc2 Qa5+ 13. Nd2 Nxd2 14. Qxd2 Qxd2+ 15. Kxd2 cxd4 16.
Bxb8 Rxb8 17. g3 Bf5 18. Bg2 Be4 19. f3 Bg6 20. Rac1 Rbc8 21. Bh3 f5 22. f4 Kg7
23. Bg2 Bf7 24. Rxc8 Rxc8 25. Rc1 Rxc1 26. Kxc1 Kf6 27. Kd2 Ke6 28. Kd3 Kd6 29.
Kxd4 b6 30. fxg5 hxg5 31. h4 f4 32. hxg5 fxg3 33. b4 Be6 34. Ke3 Ke5 35. Kf3
Kf5 36. Bh3+ Ke5 37. Bxe6 Kxe6 38. Kxg3 Kf5 39. Kh4 Kg6 40. Kg4 d4 41. b5 Kg7
42. Kf5 1-0

[Event "Floripa Chess Open 2024"]
[Site "Florianopolis"]
[Date "2024.01.23"]
[Round "5.74"]
[White "Ferreira, Andrei Dias"]
[Black "Cabral, Vinicius Albuquerqu"]
[Result "1-0"]
[WhiteElo "1977"]
[BlackElo "1734"]
[PlyCount "77"]
[EventDate "2024.01.20"]
[EventRounds "10"]
[EventCountry "BRA"]

1. e4 c5 2. Nf3 e6 3. d4 cxd4 4. Nxd4 Nc6 5. Nc3 Qc7 6. f4 a6 7. Nxc6 Qxc6 8.
Bd3 b5 9. Qe2 Bc5 10. Bd2 Bb7 11. O-O-O b4 12. Nd5 Qd6 13. Ne3 Qxf4 14. Nc4 Qc7
$146 ({RR} 14... Qh4 15. Be3 Be7 16. g3 Qh3 17. Na5 Bc6 18. Nxc6 dxc6 19. Bxa6
Nf6 20. Bb7 Rxa2 21. Bxc6+ Kf8 22. Kb1 Ra5 23. Bb6 Rh5 24. Bd8 g6 25. Bxe7+
Kxe7 26. Rhf1 {1-0 (26) Smirin,I (2625)-Horvath,C (2530) Vienna 1996}) 15. e5
d5 16. exd6 Bxd6 17. Be4 Be7 18. Rhf1 Bxe4 19. Qxe4 Rc8 20. Qf3 Nf6 21. b3 O-O
22. g4 Nd7 23. Bf4 e5 24. Be3 Bc5 25. Bxc5 Nxc5 26. Rd5 f6 27. Rfd1 a5 28. Nd6
Ra8 29. Qe2 Ne6 30. Nb5 Qf7 31. Rd7 Qg6 32. Qc4 Rac8 33. Qxe6+ Kh8 34. Qf5 Qh6+
35. Kb1 Qxh2 36. Nd6 g6 37. Qe4 Rb8 38. Rh1 Qf2 39. Rhxh7+ 1-0

[Event "Floripa Chess Open 2024"]
[Site "Florianopolis"]
[Date "2024.01.23"]
[Round "5.75"]
[White "Nascimento, Pedro Henrique Alve"]
[Black "Costa, Ricardo Santos"]
[Result "1-0"]
[WhiteElo "1946"]
[BlackElo "1731"]
[PlyCount "139"]
[EventDate "2024.01.20"]
[EventRounds "10"]
[EventCountry "BRA"]

1. e4 g6 2. Nf3 Nf6 3. c4 Bg7 4. Nc3 O-O 5. d4 d6 6. Be2 b6 7. O-O Bb7 8. Qc2
c6 9. h3 ({RR} 9. Bg5 Qc7 10. Rac1 a6 11. a4 Nbd7 12. Rfe1 Rfe8 13. h3 Rac8 14.
Be3 Qb8 15. Qd2 b5 16. axb5 cxb5 17. cxb5 axb5 18. Bxb5 Red8 19. Bd3 Nb6 20.
Qe2 h6 21. Nd2 Nbd7 22. f4 Nh5 23. Qf2 Ba8 {Moller,T (1340)-Sigurthorsson,K  
(1818) Reykjavik ISL 2022 1-0 (71)}) 9... Nbd7 10. Rd1 Qc7 11. Bg5 h6 $146 ({RR
} 11... e5 12. d5 h6 13. Be3 c5 14. a3 a6 15. Qd2 Kh7 16. Bd3 Qd8 17. b4 Qe7
18. Rab1 Rab8 19. Rb3 Bc8 20. Rdb1 Ra8 21. bxc5 bxc5 22. Ne2 Nh5 23. Bc2 g5 24.
Ng3 Nxg3 25. fxg3 g4 26. Nh4 {Grigorov,G (2513)-Veselinov,D (2094) Plovdiv
2013 1-0 (47)}) 12. Bh4 g5 13. Bg3 Nh5 14. Bh2 Nf4 15. Bf1 a6 16. Ne2 Nxe2+ 17.
Bxe2 c5 18. d5 Ne5 19. Nxe5 Bxe5 20. Bxe5 dxe5 21. Bg4 Qd6 22. g3 Bc8 23. Kg2
Qg6 24. Bxc8 Raxc8 25. g4 Rcd8 26. f3 Rd6 27. Rh1 Kg7 28. a3 a5 29. b4 axb4 30.
axb4 Qf6 31. bxc5 bxc5 32. Rhb1 Rc8 33. Qc3 Rd7 34. Rb5 Qd6 35. Raa5 f6 36. Qa3
Rdc7 37. Ra6 Rc6 38. Ra7 R6c7 39. Rxc7 Qxc7 40. Qa5 Qd6 41. Qb6 Kf7 42. Qxd6
exd6 43. Rb7+ Kg8 44. Rd7 Ra8 45. Rxd6 Ra2+ 46. Kg3 Kf7 47. Rd7+ Ke8 48. Rc7
Ra5 49. h4 Kf8 50. h5 Ke8 51. Kf2 Ra2+ 52. Kg3 Ra5 53. Kh3 Ra3 54. Kg2 Ra2+ 55.
Kf1 Ra3 56. Ke2 Ra2+ 57. Kd1 Rf2 58. Rxc5 Rxf3 59. Rc7 Re3 60. c5 Rxe4 61. d6
Rxg4 62. Ke2 Rd4 63. Ke3 f5 64. Re7+ Kd8 65. Rxe5 Rh4 66. Rxf5 Rxh5 67. c6 Rh3+
68. Ke4 Ke8 69. d7+ Ke7 70. Re5+ 1-0

[Event "Floripa Chess Open 2024"]
[Site "Florianopolis"]
[Date "2024.01.23"]
[Round "5.76"]
[White "Cantarino Neto, Mario Ribeiro"]
[Black "Campora, Edgardo"]
[Result "1-0"]
[WhiteElo "1944"]
[BlackElo "1720"]
[PlyCount "89"]
[EventDate "2024.01.20"]
[EventRounds "10"]
[EventCountry "BRA"]

1. c4 e5 2. Nc3 Nf6 3. Nf3 Nc6 4. g3 Bc5 5. Bg2 a6 6. O-O ({RR} 6. Nxe5 Bxf2+
7. Kxf2 Nxe5 8. d3 Neg4+ 9. Kg1 Qe7 10. e4 d6 11. d4 c5 12. Bf4 Nh5 13. Nd5 Qd8
14. dxc5 Nxf4 15. gxf4 dxc5 16. Qa4+ Bd7 17. Qa3 Rc8 18. Qg3 O-O 19. Rd1 Kh8
20. h3 Nf6 {Mchedlishvili,M (2604)-Topak,E (2195) Izmir 2016 1-0 (38)}) 6...
O-O 7. e3 $146 ({RR} 7. d3 h6 8. a3 a5 9. b3 d6 10. Bb2 Bf5 11. Qc2 Bh7 12. e3
Ne7 13. Nd2 c6 14. Nde4 Nd7 15. Na4 Qc7 16. Naxc5 dxc5 17. Qc3 f5 18. Nd2 Rf7
19. f4 exf4 20. exf4 Nf6 21. Nf3 Rd8 {Chokbengboun,T (1900)-Grezes,Y (1760) St
Chely d'Aubrac 2005 1/2-1/2 (41)}) ({RR} 7. Nxe5 Nxe5 8. d4 Bd6 9. c5 Nc4 10.
cxd6 Nxd6 11. e4 Nb5 12. e5 Nxc3 13. bxc3 Ne8 14. f4 d6 15. Ba3 g6 16. d5 Ng7
17. c4 Re8 18. Bb2 Nf5 19. Qd2 h5 20. Rae1 Kh7 21. Be4 Rg8 {Atakishiyev,E  
(2363)-Rangel,D (2193) chess.com INT 2023 1-0 (34)}) ({RR} 7. d3 h6 8. Rb1 d6
9. Na4 Ba7 10. b4 e4 11. Ne1 Ne5 12. dxe4 Nxc4 13. Qc2 Ne5 14. Nd3 Qe7 15. Nc3
c6 16. Rd1 Be6 17. Nf4 Bc4 18. Ba3 Rfd8 19. Nd3 Be6 20. Nf4 Bc4 21. Nd3 Be6 {
Walk,D (1725)-Lo Presti,M (1934) Kreuzlingen 2016 1/2-1/2}) 7... Ba7 8. a3 d6
9. d3 h6 10. Qe2 Bg4 11. h3 Bh5 12. g4 Bg6 13. Rd1 Ne8 14. Ne4 f5 15. gxf5 Bxf5
16. Ng3 Bd7 17. Kh2 Qf6 18. Bd2 Ne7 19. Be1 Ng6 20. Ne4 Qe6 21. Nfg5 hxg5 22.
Nxg5 Qf5 23. Bd5+ Rf7 24. Bxf7+ Qxf7 25. Nxf7 Kxf7 26. Qf3+ Nf6 27. Qxb7 Rh8
28. Qxc7 Bb8 29. Qb7 Rxh3+ 30. Kg1 Ne7 31. Kg2 Rh8 32. e4 Bh3+ 33. Kf3 Bc8 34.
Qb3 Ba7 35. Ke2 Nc6 36. Bc3 Bg4+ 37. Kd2 Rh2 38. Rf1 Bxf2 39. Rxf2 Rxf2+ 40.
Ke1 Re2+ 41. Kf1 Bf3 42. Qd1 Re3 43. Qd2 Ng4 44. Re1 Be2+ 45. Rxe2 1-0

[Event "Floripa Chess Open 2024"]
[Site "Florianopolis"]
[Date "2024.01.23"]
[Round "5.77"]
[White "Carvalho Jr, Celestino"]
[Black "Reis, Virginia Lagrange M"]
[Result "0-1"]
[WhiteElo "1939"]
[BlackElo "1676"]
[PlyCount "68"]
[EventDate "2024.01.20"]
[EventRounds "10"]
[EventCountry "BRA"]

1. e4 c5 2. d4 cxd4 3. c3 dxc3 4. Nxc3 Nc6 5. Nf3 g6 6. Bc4 e6 ({RR} 6... d6 7.
e5 e6 8. Bg5 Be7 9. Bxe7 Ngxe7 10. exd6 Nf5 11. Ne4 Nh4 12. O-O Nxf3+ 13. Qxf3
O-O 14. d7 Ne5 15. Qc3 Nxd7 16. Rad1 e5 17. f4 Qb6+ 18. Kh1 Nf6 19. Nd6 Ng4 20.
Nxf7 Be6 21. Ng5 {Lochte,T (2225)-Genov,P (2425) Berlin 1996 0-1 (54)}) 7. O-O
a6 8. a4 ({RR} 8. Qe2 Bg7 9. Bf4 Nge7 10. a4 O-O 11. Rfd1 Qa5 12. Rac1 Ne5 13.
b4 Qc7 14. Bb3 Qb8 15. Kh1 N7c6 16. Nd5 b5 17. Rxc6 exd5 18. Rcc1 dxe4 19. Qxe4
d6 20. Bxe5 dxe5 21. axb5 axb5 22. Ng5 Bb7 {Brito,V (1806)-Araujo,B (1523)
Salão de Convenções do Hot 2022 1-0}) 8... Bg7 9. Bg5 $146 ({RR} 9. Qe2 Qc7
10. Be3 Nge7 11. Rac1 O-O 12. Rfd1 Ne5 13. Nxe5 Bxe5 14. g3 Nc6 15. f4 Bg7 16.
e5 Rd8 17. Ne4 d5 18. exd6 Qa5 19. b3 Bd7 20. Nc5 Rab8 21. Qf2 h5 22. h3 b5 23.
axb5 axb5 {Derien,R (1700)-Mosti,A (1700) France 2000 1-0 (40)}) 9... Qc7 10.
Rc1 Nge7 11. Qd2 O-O 12. Rfd1 Re8 13. Ba2 Qb8 14. Bh6 Bh8 15. h3 b5 16. Bb1 b4
17. Ne2 a5 18. b3 Ba6 19. Nf4 Ra7 20. Rc5 Qb6 21. Rg5 Bf6 22. Rg3 Bc3 23. Qe3
Qxe3 24. fxe3 Ne5 25. Nd4 Rc8 26. Nh5 d5 27. Nf6+ Kh8 28. Bf4 N5c6 29. h4 e5
30. Nxc6 Rxc6 31. Bg5 d4 32. Bd3 Bxd3 33. Rxd3 dxe3 34. Bxe3 Ra8 0-1

[Event "Floripa Chess Open 2024"]
[Site "Florianopolis"]
[Date "2024.01.23"]
[Round "5.78"]
[White "Lucci, Bruno Wendorff"]
[Black "Da Costa, Mariana Nara Santan"]
[Result "1-0"]
[WhiteElo "1931"]
[BlackElo "1544"]
[PlyCount "71"]
[EventDate "2024.01.20"]
[EventRounds "10"]
[EventCountry "BRA"]

1. e4 e5 2. f4 d5 3. exd5 e4 4. d3 Nf6 5. dxe4 Nxe4 6. Qd4 ({RR} 6. Bb5+ c6 7.
Qe2 f5 8. dxc6 bxc6 9. Bd3 Bc5 10. Nf3 O-O 11. Be3 Nd7 12. Bc4+ Kh8 13. O-O Qb6
14. Bxc5 Ndxc5 15. Kh1 Qxb2 16. Ne5 Qxa1 17. Qh5 Be6 18. Nd2 Qd4 19. Rf3 Nf2+
20. Rxf2 Qxf2 {Dubov,D (2708)-Kalogeris,I (2409) chess.com INT 2023 1/2-1/2})
6... Qh4+ 7. g3 Qe7 $146 ({RR} 7... Nxg3 8. Qe5+ Kd8 9. Nf3 Qg4 10. Qg5+ Qxg5
11. Nxg5 Nxh1 12. Bg2 Ke8 13. Be3 h6 14. Nf3 Na6 15. Nc3 c6 16. dxc6 Nc5 17.
Bxh1 Ne6 18. Ne5 Bc5 19. cxb7 Bxb7 20. Bxb7 Bxe3 21. Bxa8 Bxf4 22. Bc6+ {
Brocklebank,C-Higgs,J Melbourne 1888 1-0 (35)}) ({RR} 7... Nxg3 8. Qe5+ Kd8 9.
Nf3 Qh5 10. Bg2 Nf5 11. Nc3 Bb4 12. d6 c6 13. a3 f6 14. Qe4 Bxc3+ 15. Kd1 Ba5
16. c4 Re8 17. Qd3 c5 18. b4 Bb6 19. b5 Nh4 20. Rg1 Nxg2 21. Rxg2 Bg4 22. Rg3 {
Mengarini,A-Anderson,R Lone Pine,CA 1971 1-0 (54)}) 8. Be3 Nd7 9. Nd2 Nd6 10.
Bd3 Nf6 11. O-O-O Qd8 12. c4 Be7 13. h3 Nf5 14. Bxf5 Bxf5 15. g4 Bc8 16. Ne2
O-O 17. Ng3 b6 18. Rhg1 Re8 19. Qd3 Ba6 20. g5 Nd7 21. Bd4 Bc5 22. Nh5 g6 23.
Ne4 Bxd4 24. Qxd4 gxh5 25. Nf6+ Nxf6 26. gxf6+ Kh8 27. Rg7 Rg8 28. Rdg1 Rxg7
29. Rxg7 Qe8 30. Kd2 Rd8 31. Qd3 Rxd5 32. Qxd5 Bc8 33. Qd3 Qd7 34. Qxd7 Bxd7
35. Rxf7 Bxh3 36. Rf8# 1-0